| 000 | 00607nam a22001697a 4500 | ||
|---|---|---|---|
| 082 |
_a625.85 _bUNI |
||
| 100 |
_aUniversity of Michigan _943964 |
||
| 245 |
_aFourth international conference on the strutural design of asphalt pavements proceedings/ _cUniversity of Michigan |
||
| 250 | _a1st volumn. | ||
| 260 |
_aUSA: _bHorace H. Rackham Lecture hall university of Michigan; _c1967. |
||
| 300 |
_a428p.: _bill,; _c20 cm. |
||
| 526 |
_a0 _b0 _c0 _d625_850000000000000_UNI |
||
| 526 |
_a0 _b0 _c0 _d625_850000000000000_UNI |
||
| 526 |
_a0 _b0 _c0 _d625_850000000000000_UNI |
||
| 650 |
_aMCE _9379 |
||
| 942 |
_2ddc _cBK |
||
| 999 |
_c547829 _d547829 |
||